书目信息 |
| 题名: |
创新研究
|
|
| 作者: | 法格博格 , 马丁 , 安德森 编 ;陈凯华 , 穆荣平 译 | |
| 分册: | ||
| 出版信息: | 北京 科学出版社 2018.10 |
|
| 页数: | xii, 209页 | |
| 开本: | 24cm | |
| 丛书名: | ||
| 单 册: | ||
| 中图分类: | F062.4 | |
| 科图分类: | ||
| 主题词: | 技术革新--ji shu ge xin--研究 | |
| 电子资源: | ||
| ISBN: | 978-7-03-056807-6 | |
| 000 | 01417nam0 2200337 450 | |
| 001 | 202019136454 | |
| 005 | 20191026133320.0 | |
| 010 | @a978-7-03-056807-6@dCNY78.00 | |
| 100 | @a20191022d2018 em y0chiy50 ea | |
| 101 | 1 | @achi@cnor@ceng@cdan |
| 102 | @aCN@b110000 | |
| 105 | @aak a 000yy | |
| 106 | @ar | |
| 200 | 1 | @a创新研究@Achuang xin yan jiu@e演化与未来挑战@f(挪威) 詹·法格博格, (英国) 本·马丁, (丹麦) 艾斯本·安德森编@g陈凯华, 穆荣平译 |
| 210 | @a北京@c科学出版社@d2018.10 | |
| 215 | @axii, 209页@c图@d24cm | |
| 300 | @a本书的翻译得到国家自然科学基金 (71471170、7184179) 和中国科学院青年创新促进会 (2015131) 资助 | |
| 312 | @a英文题名取自封面 | |
| 320 | @a有书目 | |
| 330 | @a本书着重探讨了创新研究学者数年来所取得的成就, 批判性地审视了创新研究的现状和存在的问题 ; 不但追踪了创新从熊彼特提出后至今的发展历程, 而且展望了创新研究未来发展的诸多挑战与方向。 | |
| 510 | 1 | @aInnovation studies@eevolution and future challenges@zeng |
| 517 | 1 | @a演化与未来挑战@Ayan hua yu wei lai tiao zhan |
| 606 | 0 | @a技术革新@Aji shu ge xin@x研究 |
| 690 | @aF062.4@v5 | |
| 701 | 0 | @c(挪)@a法格博格@Afa ge bo ge@c(Fagerberg, Jan)@4编 |
| 701 | 1 | @a马丁@Ama ding@g(Martin, Ben R.)@4编 |
| 701 | 0 | @c(丹)@a安德森@Aan de sen@c(Andersen, Esben S.)@4编 |
| 702 | 0 | @a陈凯华@Achen kai hua@4译 |
| 702 | 0 | @a穆荣平@Amu rong ping@4译 |
| 801 | 0 | @aCN@c20190905 |
| 905 | @a河南城建学院图书馆@dF062.4@eF015 | |
| 创新研究:演化与未来挑战/(挪威) 詹·法格博格, (英国) 本·马丁, (丹麦) 艾斯本·安德森编/陈凯华, 穆荣平译.-北京:科学出版社,2018.10 |
| xii, 209页:图;24cm |
| 本书的翻译得到国家自然科学基金 (71471170、7184179) 和中国科学院青年创新促进会 (2015131) 资助 |
| ISBN 978-7-03-056807-6:CNY78.00 |
| 本书着重探讨了创新研究学者数年来所取得的成就, 批判性地审视了创新研究的现状和存在的问题 ; 不但追踪了创新从熊彼特提出后至今的发展历程, 而且展望了创新研究未来发展的诸多挑战与方向。 |
| ● |
| 相关链接 |
|
|
|
正题名:创新研究
索取号:F062.4/F015
 
预约/预借
| 序号 | 登录号 | 条形码 | 馆藏地/架位号 | 状态 | 备注 |
| 1 | 1445189 | 214451895 | 社科库409/409社科库 64排4列5层/ [索取号:F062.4/F015] | 在馆 | |
| 2 | 1445190 | 214451902 | 社科库409/409社科库 64排4列5层/ [索取号:F062.4/F015] | 在馆 |